Puppy gets stuck : (Record no. 6098)
[ view plain ]
| 000 -LEADER | |
|---|---|
| fixed length control field | 01415nam a22003017a 4500 |
| 001 - CONTROL NUMBER | |
| control field | 6098 |
| 003 - CONTROL NUMBER IDENTIFIER | |
| control field | FISKH |
| 005 - DATE AND TIME OF LATEST TRANSACTION | |
| control field | 20250312100432.0 |
| 008 - FIXED-LENGTH DATA ELEMENTS--GENERAL INFORMATION | |
| fixed length control field | 250312b cb ||||| |||| 00| 0 eng d |
| 020 ## - INTERNATIONAL STANDARD BOOK NUMBER | |
| International Standard Book Number | 9781407133225 |
| 040 ## - CATALOGING SOURCE | |
| Original cataloging agency | FISKH |
| Language of cataloging | eng |
| Transcribing agency | FISKH |
| Modifying agency | FISKH |
| 050 ## - LIBRARY OF CONGRESS CALL NUMBER | |
| Classification number | PZ7 |
| 082 ## - DEWEY DECIMAL CLASSIFICATION NUMBER | |
| Classification number | 823.92 |
| 100 ## - MAIN ENTRY--PERSONAL NAME | |
| Personal name | Mongredien, Sue |
| 245 ## - TITLE STATEMENT | |
| Title | Puppy gets stuck : |
| Remainder of title | Based on a real-life animal rescue / |
| Statement of responsibility, etc. | By Sue Mongredien ; Illustrated by Don Davis |
| 260 ## - PUBLICATION, DISTRIBUTION, ETC. | |
| Place of publication, distribution, etc. | London : |
| Name of publisher, distributor, etc. | Scholastic, |
| Date of publication, distribution, etc. | 2013. |
| 300 ## - PHYSICAL DESCRIPTION | |
| Extent | 147 pages : |
| Other physical details | illustrations ; |
| Dimensions | 20 cm |
| 490 ## - SERIES STATEMENT | |
| Series statement | RSPCA |
| 505 ## - FORMATTED CONTENTS NOTE | |
| Formatted contents note | R<br/> |
| 520 ## - SUMMARY, ETC. | |
| Summary, etc. | Emily's family has a new puppy. Pickle is naughty and loves exploring. But one day, when out for a walk, Pickle goes missing. Emily's family search everywhere - the whole village gets involved. Pickle can't be found. And then Emily hears a tiny yap - it's Pickle! But he's fallen into an old mineshaft. The RSPCA come to help, and the fire brigade. They will have to send a winch down and try to coax Pickle into the harness. At first Pickle doesn't get in, but then they send his blanket down and Emily shouts "get in your basket". Pickle gets in and is pulled out safely! |
| 521 8# - TARGET AUDIENCE NOTE | |
| Target audience note | 700<br/> |
| Source | Lexile estimate <br/> |
| 521 8# - TARGET AUDIENCE NOTE | |
| Target audience note | R<br/> |
| Source | Raz-Plus <br/> |
| 650 ## - SUBJECT ADDED ENTRY--TOPICAL TERM | |
| Topical term or geographic name entry element | Animals |
| Form subdivision | Fiction |
| 650 ## - SUBJECT ADDED ENTRY--TOPICAL TERM | |
| Topical term or geographic name entry element | Family |
| Form subdivision | Children's Dogs |
| 700 ## - ADDED ENTRY--PERSONAL NAME | |
| Personal name | Davis, Jon |
| Relator term | illustrator |
| 942 ## - ADDED ENTRY ELEMENTS (KOHA) | |
| Source of classification or shelving scheme | Dewey Decimal Classification |
| Koha item type | Books |
| Suppress in OPAC | No |
| Withdrawn status | Lost status | Source of classification or shelving scheme | Damaged status | Not for loan | Collection | Home library | Current library | Shelving location | Date acquired | Total Checkouts | Full call number | Barcode | Date last seen | Copy number | Price effective from | Koha item type |
|---|---|---|---|---|---|---|---|---|---|---|---|---|---|---|---|---|
| Dewey Decimal Classification | Juvenile Fiction | Footprints International School Library Network Toul Kork Campus | Footprints International School Library Network Toul Kork Campus | TK Primary Library Room(4th Floor), Bookcase 5&6, Shelves 33-56, Orange Books | 03/12/2025 | MON 823.92 PZ7 | 2025-0782 | 03/12/2025 | 1 | 03/12/2025 | Books | |||||
| Dewey Decimal Classification | Juvenile Fiction | Footprints International School Library Network Toul Kork Campus | Footprints International School Library Network Toul Kork Campus | TK Primary Library Room(4th Floor), Bookcase 5&6, Shelves 33-56, Orange Books | 08/28/2025 | MON 823.92 PZ7 | FISTKG5B037 | 08/28/2025 | 2 | 08/28/2025 | Books |
